Datum a čas kvízu
18
Celkem bodů
Celkový počet nahraných bodů na tomto kvízu bez doplňovacích otázek.
13.
Pořadí na kvízu
Konečné umístění týmu na tomto kvízu.
Zaznamenané odpovědi
| # | Otázka | Odpověď | Body | Výsledky |
|---|---|---|---|---|
| 1. | Uličkou Ferdy Mravence, která... | v Brně | 0 | |
| 2. | Český řidič kamionu v pondělí... | B) do běžkařské stopy | 0 | |
| 3. | Britská kapela, která byla zal... | Black Sabbath | 0 | |
| 4. | Vláda jednoho jihoevropského s... | o Chorvatsku | 1 | |
| 5. | Tento osmnáctiletý český rychl... | Metoděj Jílek | 1 | |
| 6. | Kterým slovem na písmeno K se... | kapsid(a) | 0 | |
| 7. | Který zvířecí přívlastek získa... | prasečí | 1 | |
| 8. | Přiřaďte viry k onemocněním, k... | 1A 2D 3C 4B | 0 | |
| 9. | Viry mají svou genetickou info... | U (uracil) | 0 | |
| 10. | V oblíbené ptačí rezervaci z n... | Pandemie | 0 |